| 000 | 00650nam a22002057a 4500 | ||
|---|---|---|---|
| 999 |
_c181507 _d181507 |
||
| 005 | 20210916125449.0 | ||
| 010 | _aENG-129939 | ||
| 020 |
_a978-93-80361-68-0 _c699.00 |
||
| 035 | _aEN-113471 | ||
| 037 | _bDBAD/PUB | ||
| 082 | _a630.92 | ||
| 100 | _aSadhu, Arun | ||
| 245 |
_aThe Pioneer: _cSukumar Ray _bLife & Times of Vitthalrao Vikhe Patil |
||
| 250 | _arev. ed.. | ||
| 260 |
_bRohan Prakashan _aIndIa _c2011 |
||
| 270 |
_bPune _e411030 _aDhavalgiri Apartments,430 Shaniwar Path _mrohanprakashan@gmail.com _k020-24480686 |
||
| 300 |
_a623p. _c25cm(hbk) |
||
| 500 | _aincludes bibliography | ||
| 942 |
_2ddc _cEN _h630.92 _mSAD |
||